000 00505nam a2200133Ia 4500
008 171212s9999 xx 000 0 und d
020 _a9781921536342
245 _ceditor Read, Peter;Peters-Little, Frances;Haebich, Anna
_aIndigenous Biography and Autobiography
260 _bANU E Press
_c2008
440 _aAboriginal History Monographs
650 _aAboriginal Australians -- Biography -- History and criticism; Autobiography
650 _aHistory
856 _uwww.jstor.org/stable/10.2307/j.ctt24h88s
999 _c351154
_d351154